American ink maker.

Bibliographic Details
Corporate Author: National Association of Printing Ink Manufacturers
Format: Journal
Language:English
Published: New York : Mac Nair-Dorland Co., inc.
Subjects:
Online Availability: Check for online availability

MARC

Tag First Indicator Second Indicator Subfields
LEADER 00000cas a2200000 4500
001 in00000040588
005 20151007074513.0
008 750726c19239999nyumr1p 0uuua0eng d
012 |e n 
022 0 |a 0002-8916 
035 |a (OCoLC)01480014 
035 |9 AAF1622AM 
040 |a MUL  |c MUL  |d NSD  |d TXA  |d UtOrBLW 
042 |a nsdp 
049 |a TXAE 
090 |a Z249  |b .A58 
222 0 |a American inkmaker 
245 0 0 |a American ink maker. 
246 1 3 |a American Inkmaker 
264 1 |a New York :  |b Mac Nair-Dorland Co., inc. 
300 |a volumes :  |b illustrations ;  |c 28 cm. 
310 |a Monthly 
336 |a text  |b txt  |2 rdacontent 
337 |a unmediated  |b n  |2 rdamedia 
338 |a volume  |b nc  |2 rdacarrier 
362 0 |a Vol. 1 (1923)- 
500 |a "Official publication NAPIM since 1923" 
500 |a some issues have title: American Inkmaker 
510 0 |a Chemical abstracts  |x 0009-2258 
650 0 |a Printing machinery and supplies. 
650 0 |a Printing ink. 
650 0 |a Printing  |x Vocational guidance. 
710 2 |a National Association of Printing Ink Manufacturers. 
999 |a MARS 
999 f f |s 59c8ab9d-d227-36e1-a305-9e7442ec4e88  |i baae1711-fde3-3398-bcd5-c61fb9bf6c03  |t 0 
952 f f |a Texas A&M University  |b J.J. Pickle Campus  |c High Density Repository  |d Remote Storage  |e Z249 .A58  |h Library of Congress classification  |i unmediated -- volume  |k v.56  |l 1978:Jan.-June  |m A14852033308  |p storage  |s HDR  |t 0 
952 f f |a Texas A&M University  |b J.J. Pickle Campus  |c High Density Repository  |d Remote Storage  |e Z249 .A58  |h Library of Congress classification  |i unmediated -- volume  |k v.48:no.1-6  |l 1970  |m A14834206300  |p storage  |s HDR  |t 0 
952 f f |a Texas A&M University  |b J.J. Pickle Campus  |c High Density Repository  |d Remote Storage  |e Z249 .A58  |h Library of Congress classification  |i unmediated -- volume  |k v.50  |l 1972:Jan.-June  |m A14852033951  |p storage  |s HDR  |t 0 
952 f f |a Texas A&M University  |b J.J. Pickle Campus  |c High Density Repository  |d Remote Storage  |e Z249 .A58  |h Library of Congress classification  |i unmediated -- volume  |k v.21  |l 1943  |m A14834206009  |p storage  |s HDR  |t 0 
952 f f |a Texas A&M University  |b J.J. Pickle Campus  |c High Density Repository  |d Remote Storage  |e Z249 .A58  |h Library of Congress classification  |i unmediated -- volume  |k v.55  |l 1977:Jan.-June  |m A14852033282  |p storage  |s HDR  |t 0 
952 f f |a Texas A&M University  |b J.J. Pickle Campus  |c High Density Repository  |d Remote Storage  |e Z249 .A58  |h Library of Congress classification  |i unmediated -- volume  |k v.58  |l 1980:Jan.-June  |m A14852033340  |p storage  |s HDR  |t 0 
952 f f |a Texas A&M University  |b J.J. Pickle Campus  |c High Density Repository  |d Remote Storage  |e Z249 .A58  |h Library of Congress classification  |i unmediated -- volume  |k v.40  |l 1962  |m A14834206198  |p storage  |s HDR  |t 0 
952 f f |a Texas A&M University  |b J.J. Pickle Campus  |c High Density Repository  |d Remote Storage  |e Z249 .A58  |h Library of Congress classification  |i unmediated -- volume  |k v.32  |l 1954  |m A14834206114  |p storage  |s HDR  |t 0 
952 f f |a Texas A&M University  |b J.J. Pickle Campus  |c High Density Repository  |d Remote Storage  |e Z249 .A58  |h Library of Congress classification  |i unmediated -- volume  |k v.57  |l 1979:July-Dec.  |m A14852033332  |p storage  |s HDR  |t 0 
952 f f |a Texas A&M University  |b J.J. Pickle Campus  |c High Density Repository  |d Remote Storage  |e Z249 .A58  |h Library of Congress classification  |i unmediated -- volume  |k v.54  |l 1976:Jan.-June  |m A14852033266  |p storage  |s HDR  |t 0 
952 f f |a Texas A&M University  |b J.J. Pickle Campus  |c High Density Repository  |d Remote Storage  |e Z249 .A58  |h Library of Congress classification  |i unmediated -- volume  |k v.28  |l 1950  |m A14834206075  |p storage  |s HDR  |t 0 
952 f f |a Texas A&M University  |b J.J. Pickle Campus  |c High Density Repository  |d Remote Storage  |e Z249 .A58  |h Library of Congress classification  |i unmediated -- volume  |k v.54  |l 1976:July-Dec.  |m A14852033274  |p storage  |s HDR  |t 0 
952 f f |a Texas A&M University  |b J.J. Pickle Campus  |c High Density Repository  |d Remote Storage  |e Z249 .A58  |h Library of Congress classification  |i unmediated -- volume  |k v.30  |l 1952  |m A14834206091  |p storage  |s HDR  |t 0 
952 f f |a Texas A&M University  |b J.J. Pickle Campus  |c High Density Repository  |d Remote Storage  |e Z249 .A58  |h Library of Congress classification  |i unmediated -- volume  |k v.49  |l 1971:July-Dec.  |m A14852033944  |p storage  |s HDR  |t 0 
952 f f |a Texas A&M University  |b J.J. Pickle Campus  |c High Density Repository  |d Remote Storage  |e Z249 .A58  |h Library of Congress classification  |i unmediated -- volume  |k v.57  |l 1979:Jan.-June  |m A14852033324  |p storage  |s HDR  |t 0 
952 f f |a Texas A&M University  |b J.J. Pickle Campus  |c High Density Repository  |d Remote Storage  |e Z249 .A58  |h Library of Congress classification  |i unmediated -- volume  |k v.33  |l 1955  |m A14834206122  |p storage  |s HDR  |t 0 
952 f f |a Texas A&M University  |b J.J. Pickle Campus  |c High Density Repository  |d Remote Storage  |e Z249 .A58  |h Library of Congress classification  |i unmediated -- volume  |k v.36  |l 1958  |m A14834206156  |p storage  |s HDR  |t 0 
952 f f |a Texas A&M University  |b J.J. Pickle Campus  |c High Density Repository  |d Remote Storage  |e Z249 .A58  |h Library of Congress classification  |i unmediated -- volume  |k v.42  |l 1964  |m A14834206211  |p storage  |s HDR  |t 0 
952 f f |a Texas A&M University  |b J.J. Pickle Campus  |c High Density Repository  |d Remote Storage  |e Z249 .A58  |h Library of Congress classification  |i unmediated -- volume  |k v.44  |l 1966  |m A14834206237  |p storage  |s HDR  |t 0 
952 f f |a Texas A&M University  |b J.J. Pickle Campus  |c High Density Repository  |d Remote Storage  |e Z249 .A58  |h Library of Congress classification  |i unmediated -- volume  |k v.45:no.1-6  |l 1967  |m A14834206245  |p storage  |s HDR  |t 0 
952 f f |a Texas A&M University  |b J.J. Pickle Campus  |c High Density Repository  |d Remote Storage  |e Z249 .A58  |h Library of Congress classification  |i unmediated -- volume  |k v.25  |l 1947  |m A14834206041  |p storage  |s HDR  |t 0 
952 f f |a Texas A&M University  |b J.J. Pickle Campus  |c High Density Repository  |d Remote Storage  |e Z249 .A58  |h Library of Congress classification  |i unmediated -- volume  |k v.52  |l 1974:July-Dec.  |m A14852034009  |p storage  |s HDR  |t 0 
952 f f |a Texas A&M University  |b J.J. Pickle Campus  |c High Density Repository  |d Remote Storage  |e Z249 .A58  |h Library of Congress classification  |i unmediated -- volume  |k v.24  |l 1946  |m A14834206033  |p storage  |s HDR  |t 0 
952 f f |a Texas A&M University  |b J.J. Pickle Campus  |c High Density Repository  |d Remote Storage  |e Z249 .A58  |h Library of Congress classification  |i unmediated -- volume  |k v.53  |l 1975:Jan.-June  |m A14852033241  |p storage  |s HDR  |t 0 
952 f f |a Texas A&M University  |b J.J. Pickle Campus  |c High Density Repository  |d Remote Storage  |e Z249 .A58  |h Library of Congress classification  |i unmediated -- volume  |k v.59  |l 1981:July-Dec.  |m A14852033373  |p storage  |s HDR  |t 0 
952 f f |a Texas A&M University  |b J.J. Pickle Campus  |c High Density Repository  |d Remote Storage  |e Z249 .A58  |h Library of Congress classification  |i unmediated -- volume  |k v.48:no.7-12  |l 1970  |m A14834206318  |p storage  |s HDR  |t 0 
952 f f |a Texas A&M University  |b J.J. Pickle Campus  |c High Density Repository  |d Remote Storage  |e Z249 .A58  |h Library of Congress classification  |i unmediated -- volume  |k v.22  |l 1944  |m A14834206017  |p storage  |s HDR  |t 0 
952 f f |a Texas A&M University  |b J.J. Pickle Campus  |c High Density Repository  |d Remote Storage  |e Z249 .A58  |h Library of Congress classification  |i unmediated -- volume  |k v.53  |l 1975:July-Dec.  |m A14852033258  |p storage  |s HDR  |t 0 
952 f f |a Texas A&M University  |b J.J. Pickle Campus  |c High Density Repository  |d Remote Storage  |e Z249 .A58  |h Library of Congress classification  |i unmediated -- volume  |k v.34  |l 1956  |m A14834206130  |p storage  |s HDR  |t 0 
952 f f |a Texas A&M University  |b J.J. Pickle Campus  |c High Density Repository  |d Remote Storage  |e Z249 .A58  |h Library of Congress classification  |i unmediated -- volume  |k v.41  |l 1963  |m A14834206203  |p storage  |s HDR  |t 0 
952 f f |a Texas A&M University  |b J.J. Pickle Campus  |c High Density Repository  |d Remote Storage  |e Z249 .A58  |h Library of Congress classification  |i unmediated -- volume  |k v.50  |l 1972:July-Dec.  |m A14852033969  |p storage  |s HDR  |t 0 
952 f f |a Texas A&M University  |b J.J. Pickle Campus  |c High Density Repository  |d Remote Storage  |e Z249 .A58  |h Library of Congress classification  |i unmediated -- volume  |k v.26  |l 1948  |m A14834206059  |p storage  |s HDR  |t 0 
952 f f |a Texas A&M University  |b J.J. Pickle Campus  |c High Density Repository  |d Remote Storage  |e Z249 .A58  |h Library of Congress classification  |i unmediated -- volume  |k v.29  |l 1951  |m A14834206083  |p storage  |s HDR  |t 0 
952 f f |a Texas A&M University  |b J.J. Pickle Campus  |c High Density Repository  |d Remote Storage  |e Z249 .A58  |h Library of Congress classification  |i unmediated -- volume  |k v.47:no.7-12  |l 1969  |m A14834206295  |p storage  |s HDR  |t 0 
952 f f |a Texas A&M University  |b J.J. Pickle Campus  |c High Density Repository  |d Remote Storage  |e Z249 .A58  |h Library of Congress classification  |i unmediated -- volume  |k v.37  |l 1959  |m A14834206164  |p storage  |s HDR  |t 0 
952 f f |a Texas A&M University  |b J.J. Pickle Campus  |c High Density Repository  |d Remote Storage  |e Z249 .A58  |h Library of Congress classification  |i unmediated -- volume  |k v.27  |l 1949  |m A14834206067  |p storage  |s HDR  |t 0 
952 f f |a Texas A&M University  |b J.J. Pickle Campus  |c High Density Repository  |d Remote Storage  |e Z249 .A58  |h Library of Congress classification  |i unmediated -- volume  |k v.49  |l 1971:Jan.-June  |m A14852033936  |p storage  |s HDR  |t 0 
952 f f |a Texas A&M University  |b J.J. Pickle Campus  |c High Density Repository  |d Remote Storage  |e Z249 .A58  |h Library of Congress classification  |i unmediated -- volume  |k v.51  |l 1973:July-Dec.  |m A14852033985  |p storage  |s HDR  |t 0 
952 f f |a Texas A&M University  |b J.J. Pickle Campus  |c High Density Repository  |d Remote Storage  |e Z249 .A58  |h Library of Congress classification  |i unmediated -- volume  |k v.43  |l 1965  |m A14834206229  |p storage  |s HDR  |t 0 
952 f f |a Texas A&M University  |b J.J. Pickle Campus  |c High Density Repository  |d Remote Storage  |e Z249 .A58  |h Library of Congress classification  |i unmediated -- volume  |k v.31  |l 1953  |m A14834206106  |p storage  |s HDR  |t 0 
952 f f |a Texas A&M University  |b J.J. Pickle Campus  |c High Density Repository  |d Remote Storage  |e Z249 .A58  |h Library of Congress classification  |i unmediated -- volume  |k v.39  |l 1961  |m A14834206180  |p storage  |s HDR  |t 0 
952 f f |a Texas A&M University  |b J.J. Pickle Campus  |c High Density Repository  |d Remote Storage  |e Z249 .A58  |h Library of Congress classification  |i unmediated -- volume  |k v.51  |l 1973:Jan.-June  |m A14852033977  |p storage  |s HDR  |t 0 
952 f f |a Texas A&M University  |b J.J. Pickle Campus  |c High Density Repository  |d Remote Storage  |e Z249 .A58  |h Library of Congress classification  |i unmediated -- volume  |k v.45:no.7-12  |l 1967  |m A14834206253  |p storage  |s HDR  |t 0 
952 f f |a Texas A&M University  |b J.J. Pickle Campus  |c High Density Repository  |d Remote Storage  |e Z249 .A58  |h Library of Congress classification  |i unmediated -- volume  |k v.58  |l 1980:July-Dec.  |m A14852033357  |p storage  |s HDR  |t 0 
952 f f |a Texas A&M University  |b J.J. Pickle Campus  |c High Density Repository  |d Remote Storage  |e Z249 .A58  |h Library of Congress classification  |i unmediated -- volume  |k v.46:no.1-6  |l 1968  |m A14834206261  |p storage  |s HDR  |t 0 
952 f f |a Texas A&M University  |b J.J. Pickle Campus  |c High Density Repository  |d Remote Storage  |e Z249 .A58  |h Library of Congress classification  |i unmediated -- volume  |k v.38  |l 1960  |m A14834206172  |p storage  |s HDR  |t 0 
952 f f |a Texas A&M University  |b J.J. Pickle Campus  |c High Density Repository  |d Remote Storage  |e Z249 .A58  |h Library of Congress classification  |i unmediated -- volume  |k v.56  |l 1978:July-Dec.  |m A14852033316  |p storage  |s HDR  |t 0 
952 f f |a Texas A&M University  |b J.J. Pickle Campus  |c High Density Repository  |d Remote Storage  |e Z249 .A58  |h Library of Congress classification  |i unmediated -- volume  |k v.55  |l 1977:July-Dec.  |m A14852033290  |p storage  |s HDR  |t 0 
952 f f |a Texas A&M University  |b J.J. Pickle Campus  |c High Density Repository  |d Remote Storage  |e Z249 .A58  |h Library of Congress classification  |i unmediated -- volume  |k v.23  |l 1945  |m A14834206025  |p storage  |s HDR  |t 0 
952 f f |a Texas A&M University  |b J.J. Pickle Campus  |c High Density Repository  |d Remote Storage  |e Z249 .A58  |h Library of Congress classification  |i unmediated -- volume  |k v.46:no.7-12  |l 1968  |m A14834206279  |p storage  |s HDR  |t 0 
952 f f |a Texas A&M University  |b J.J. Pickle Campus  |c High Density Repository  |d Remote Storage  |e Z249 .A58  |h Library of Congress classification  |i unmediated -- volume  |k v.59  |l 1981:Jan.-June  |m A14852033365  |p storage  |s HDR  |t 0 
952 f f |a Texas A&M University  |b J.J. Pickle Campus  |c High Density Repository  |d Remote Storage  |e Z249 .A58  |h Library of Congress classification  |i unmediated -- volume  |k v.47:no.1-6  |l 1969  |m A14834206287  |p storage  |s HDR  |t 0 
952 f f |a Texas A&M University  |b J.J. Pickle Campus  |c High Density Repository  |d Remote Storage  |e Z249 .A58  |h Library of Congress classification  |i unmediated -- volume  |k v.52  |l 1974:Jan.-June  |m A14852033993  |p storage  |s HDR  |t 0 
952 f f |a Texas A&M University  |b J.J. Pickle Campus  |c High Density Repository  |d Remote Storage  |e Z249 .A58  |h Library of Congress classification  |i unmediated -- volume  |k v.35  |l 1957  |m A14834206148  |p storage  |s HDR  |t 0 
998 f f |a Z249 .A58  |s v.21-59 (1943-1981)  |t 0  |l Remote Storage